[Event "American World Cup Q Prelim"]
[Site "Tornelo INT"]
[Date "2021.05.09"]
[Round "5"]
[White "Blackman, Katrina"]
[Black "Ragoobar, Keagan"]
[Result "1-0"]
[WhiteElo "1701"]
[BlackElo "1345"]
[PlyCount "37"]
[EventDate "2021.05.08"]
[EventType "swiss (rapid)"]
[EventRounds "9"]
[EventCountry "USA"]
[SourceTitle "CBM 202 Extra"]
[Source "ChessBase"]
[SourceDate "2021.07.31"]
[SourceVersion "1"]
[SourceVersionDate "2021.07.31"]
[SourceQuality "1"]

1. d4 Nf6 2. Nf3 g6 3. Bf4 Bg7 4. e3 0-0 5. h3 d6 6. Be2 c5 7. c3 Nc6 8. 0-0 b6 9. Bh2 Bb7 10. Nbd2 Re8 11. Qb3 e5 12. dxc5 dxc5 13. Rad1 Qe7 14. Nc4 Rad8 15. Ncxe5 Rxd1 16. Rxd1 Nxe5 17. Nxe5 Ne4 18. Rd7 Qf6 19. Rxf7 1-0